Представление документа в формате MARC21

ПолеНазваниеЗначение
  Тип записи a
  Библиографический уровень m
001 Контрольный номер RU\infra-m\znanium\bibl\2253889
005 Дата корректировки 20260429142058.2
008 Кодируемые данные 260409s2026 RU g rus u
020 Индекс ISBN __
a ISBN 978-5-908083-68-3
040 Источник каталогиз. __
a Служба первич. каталог. Общество с ограниченной ответственностью «ЗНАНИУМ»
041 Код языка издания __
a Код языка текста rus
044 Код страны публикации __
a Код страны публикации RU
080 Индекс УДК __
a Индекс УДК 8115
084 Индекс другой классификации/Индекс ББК __
2 Источник индекса rubbk
a Индекс другой классификации/Индекс ББК 81
084 Индекс другой классификации/Индекс ББК __
2 Источник индекса okso
a Индекс другой классификации/Индекс ББК 00.05.02
100 Автор __
a Автор Онина С.В.
q Полное имя Онина Софья Владимировна
u Дополнение Югорский государственный университет
245 Заглавие __
a Заглавие Cемантика и типология прохибитива в хантыйском языке
b Продолж. заглавия Монография
c Ответственность Югорский государственный университет
250 Сведения об издании __
a Основные сведения об издании 1
260 Выходные данные __
a Место издания Чебоксары
b Издательство ООО "Издательский дом "Среда"
c Дата издания 2026
300 Физическое описание __
a Объем 137 с.
520 Аннотация __
a Аннотация Настоящая монография является первым в лингвистике специальным исследованием посвященным функционально-семантическому описанию прохибитива (категории запрета) в хантыйском языке. В работе систематизируется и последовательно излагается проблематика функционирования прохибитивных значений а также дается детальное описание всего спектра формальных средств их выражения. Издание предназначено для лингвистов-теоретиков финно-угроведов а также для студентов магистрантов и аспирантов изучающих грамматику и типологию. Книга может быть рекомендована и широкому кругу читателей интересующихся хантыйским языком и уральским языкознанием.
521 Примеч. о цел. назн. __
a Примеч. о целев. назн. Дополнительное профессиональное образование
650 Тематические рубрики __
a Основная рубрика Филологические науки
x Основная подрубрика Грамматика. Морфология. Синтаксис. Семантика
655 Указ. предметных рубрик (устаревшее) __
a Жанр/ форма (устаревшее) Монография
856 Электронный адрес документа 4_
a Имя сервера/домена znanium.ru
m Помощь ebs_support@infra-m.ru
n Местонахождение сервера НИЦ ИНФРА-М
u URL https://znanium.ru/catalog/document?id=481355
856 Электронный адрес документа 48
a Имя сервера/домена znanium.ru
d Путь /cover/2253
f Электронное имя 2253889.jpg
q Тип электронного формата image/jpeg
u URL https://znanium.ru/cover/2253/2253889.jpg
911 __
u 0030=https://znanium.ru/catalog/document?id=481355